| 000 | 02063nam0a2200361 4500 | ||
|---|---|---|---|
| 001 | RU\NLR\bibl\1488761 | ||
| 005 | 20260405195756.0 | ||
| 010 |
_a978-5-9552-0323-2 _9250 |
||
| 021 |
_aRU _b2010-5681 _9360 |
||
| 035 | _a(nilc)RSL-KNO-004576615 | ||
| 035 | _a(NLR Aleph) 001480352 | ||
| 090 |
_a1699584 _c1699584 |
||
| 100 | _a20100205d2009 |||y0rusy50 ca | ||
| 101 | 0 | _arus | |
| 102 | _aRU | ||
| 105 | _aa zzzz||||| | ||
| 200 | 1 |
_aОрганизация предполетного досмотра авиапассажиров _eучебное пособие _fВ. В. Мотин, Н. В. Муханов _gМВД России, Федеральное гос. образовательное учреждение доп. проф. образования "Всероссийский ин-т повышения квалификации сотрудников МВД России", Центр подгот. сотрудников в сфере транспортной безопасности |
|
| 210 |
_aДомодедово, Московская обл. _cВИПК МВД России _d2009 |
||
| 215 |
_a77 с. _cил. _d21 |
||
| 320 | _aБиблиогр.: с. 76-77 (19 назв.) | ||
| 606 | 1 |
_aДосмотр _jУчебные издания _xПроведение _yРоссийская Федерация _92461594 _3RU\NLR\auth\661462616 |
|
| 606 | 1 |
_aАвиационная безопасность _jУчебные издания _xПравовые вопросы _yРоссийская Федерация _92593435 _3RU\NLR\auth\661532469 |
|
| 686 |
_aХ621.145.5я77-1 _2rubbk |
||
| 686 | _aХ621.163.048я7 | ||
| 686 | _aХ621.145.5я7 | ||
| 700 | 1 |
_4070 _7ca _8rus _aМотин _bВ. В. _gВладимир Васильевич _970364 _3RU\NLR\auth\7787436 |
|
| 701 | 1 |
_4070 _7ca _8rus _aМуханов _bН. В. _cюрист _gНиколай Васильевич _970367 _3RU\NLR\auth\7787439 |
|
| 801 | 0 |
_aRU _bRuMoRGB _c20100205 _grcr |
|
| 801 | 1 |
_aRU _bRuMoRGB _c20100205 |
|
| 801 | 2 |
_aRU _bNLR _c20100322 _grcr |
|
| 942 | _cBOOK | ||
| 980 | _aNB | ||